<?xml version="1.0" encoding="UTF-8"?>
<record
    xmlns:xsi="http://www.w3.org/2001/XMLSchema-instance"
    xsi:schemaLocation="http://www.loc.gov/MARC21/slim http://www.loc.gov/standards/marcxml/schema/MARC21slim.xsd"
    xmlns="http://www.loc.gov/MARC21/slim">

  <leader>00685nam a2200181Ia 4500</leader>
  <controlfield tag="008">100917s9999    xx            000 0 und d</controlfield>
  <datafield tag="082" ind1=" " ind2=" ">
    <subfield code="b">26549</subfield>
  </datafield>
  <datafield tag="100" ind1=" " ind2=" ">
    <subfield code="a">&#x92B;&#x93E;&#x91F;&#x915; &#x907;&#x902;&#x926;&#x941;&#x92E;&#x924;&#x940;</subfield>
  </datafield>
  <datafield tag="245" ind1=" " ind2=" ">
    <subfield code="a">&#x906;&#x928;&#x902;&#x926;&#x92A;&#x941;&#x930;&#x91A;&#x93E; &#x930;&#x93E;&#x91C;&#x947;&#x936;   (&#x906;&#x935;&#x943;&#x924;&#x94D;&#x924;&#x940; 1 &#x932;&#x940; )</subfield>
  </datafield>
  <datafield tag="260" ind1=" " ind2=" ">
    <subfield code="b">&#x938;&#x94C;. &#x905;&#x930;&#x94D;&#x91A;&#x928;&#x93E; &#x905;&#x928;&#x902;&#x924; &#x91F;&#x94B;&#x933;</subfield>
    <subfield code="c">1975</subfield>
  </datafield>
  <datafield tag="300" ind1=" " ind2=" ">
    <subfield code="a">56</subfield>
  </datafield>
  <datafield tag="365" ind1=" " ind2=" ">
    <subfield code="b">3.5</subfield>
  </datafield>
  <datafield tag="520" ind1=" " ind2=" ">
    <subfield code="a">&#x92C;&#x93E;&#x932;&#x935;&#x93F;&#x92D;&#x93E;&#x917;</subfield>
  </datafield>
  <datafield tag="630" ind1=" " ind2=" ">
    <subfield code="a">&#x906;&#x928;&#x902;&#x926;&#x92A;&#x941;&#x930;&#x91A;&#x93E; &#x930;&#x93E;&#x91C;&#x947;&#x936;   (&#x906;&#x935;&#x943;&#x924;&#x94D;&#x924;&#x940; 1 &#x932;&#x940; )</subfield>
  </datafield>
  <datafield tag="650" ind1=" " ind2=" ">
    <subfield code="a">&#x92C;&#x93E;&#x932;&#x935;&#x93F;&#x92D;&#x93E;&#x917;</subfield>
  </datafield>
  <datafield tag="730" ind1=" " ind2=" ">
    <subfield code="a">&#x906;&#x928;&#x902;&#x926;&#x92A;&#x941;&#x930;&#x91A;&#x93E; &#x930;&#x93E;&#x91C;&#x947;&#x936;   (&#x906;&#x935;&#x943;&#x924;&#x94D;&#x924;&#x940; 1 &#x932;&#x940; )</subfield>
  </datafield>
  <datafield tag="942" ind1=" " ind2=" ">
    <subfield code="c">BOOK</subfield>
  </datafield>
  <datafield tag="999" ind1=" " ind2=" ">
    <subfield code="c">631943</subfield>
    <subfield code="d">631940</subfield>
  </datafield>
  <datafield tag="952" ind1=" " ind2=" ">
    <subfield code="0">0</subfield>
    <subfield code="1">0</subfield>
    <subfield code="4">0</subfield>
    <subfield code="7">0</subfield>
    <subfield code="a">PUNMGS</subfield>
    <subfield code="b">PUNMGS</subfield>
    <subfield code="c">--- &#x925; 75</subfield>
    <subfield code="d">2010-09-17</subfield>
    <subfield code="g">3.50</subfield>
    <subfield code="l">0</subfield>
    <subfield code="p">PUNMGS-26549</subfield>
    <subfield code="r">2010-09-17 00:00:00</subfield>
    <subfield code="w">2010-09-17</subfield>
    <subfield code="y">BOOK</subfield>
    <subfield code="z">&#x926;&#x947;&#x935;&#x918;&#x947;&#x935;</subfield>
  </datafield>
</record>
